00579 a2200169 450000100060000008200170000609000170002310000210004024500510006125000060011226000320011830000150015094200270016599900190019295200990021195200990031055959 a629.1326 BLA c34657d34657 aJohn H Blakelock aAutomatic control of aircraft and missiles, 2e a2 aNYbJohn Wiely & Sonsc1991 axv, 646 p. aNUST-CAEk629.1326 BLA c291032d291032 001040708NFICaCAEbCAEd2017-04-03l0o629.1326 BLApCAEG-3379r2017-04-05w2017-04-05yBK 001040708NFICaCAEbCAEd2017-04-03l0o629.1326 BLApCAEG-3380r2017-04-05w2017-04-05yBK